Treatise on analytical chemistry (Record no. 28582)
[ view plain ]
| 000 -CABECERA | |
|---|---|
| campo de control de longitud fija | 02126nam a22004697a 4500 |
| 003 - IDENTIFICADOR DEL NÚMERO DE CONTROL | |
| campo de control | CHAP |
| 005 - FECHA Y HORA DE LA ÚLTIMA TRANSACCIÓN | |
| campo de control | 20220329134942.0 |
| 008 - DATOS DE LONGITUD FIJA--INFORMACIÓN GENERAL | |
| campo de control de longitud fija | 971013s1959 r 00010 d |
| 010 ## - NÚMERO DE CONTROL DE LA BIBLIOTECA DEL CONGRESO | |
| Número de control de LC | 28582 |
| 011 ## - ENLACE DEL NUMERO DE CONTROL DE LA BIBLIOTECA DEL CONGRESO [OBSOLETO] | |
| Número de control de LC | 29554 |
| 035 ## - NÚMERO DE CONTROL DEL SISTEMA | |
| Número de control de sistema | 33665 |
| 040 ## - FUENTE DE LA CATALOGACIÓN | |
| Centro/agencia transcriptor | CHAP |
| 082 ## - NÚMERO DE LA CLASIFICACIÓN DECIMAL DEWEY | |
| Número de clasificación | 543 |
| Número de documento/Ítem | K65 |
| 100 00 - ENTRADA PRINCIPAL--NOMBRE DE PERSONA | |
| Nombre de persona | Kolthoff, Izaak Maurits. |
| 9 (RLIN) | 63673 |
| 245 ## - MENCIÓN DE TÍTULO | |
| Título | Treatise on analytical chemistry |
| 260 ## - PUBLICACIÓN, DISTRIBUCIÓN, ETC. | |
| Lugar de publicación, distribución, etc. | New York : |
| Nombre del editor, distribuidor, etc. | Interscience, |
| Fecha de publicación, distribución, etc. | 1959- |
| 300 ## - DESCRIPCIÓN FÍSICA | |
| Extensión | 3 v. |
| 505 ## - NOTA DE CONTENIDO CON FORMATO | |
| Nota de contenido con formato | Contenido : v.1 Theory and practice.--v.2 Analytic chemistry of the elements |
| 590 ## - NOTA LOCAL (RLIN) | |
| Nota local | BATCH-UPD |
| Procedencia (VM) [OBSOLETO] | 10 |
| Condición del los carretes individuales (VM) [OBSOLETO] | 20130110 |
| -- | UCH01 |
| -- | 0124 |
| 590 ## - NOTA LOCAL (RLIN) | |
| Nota local | BATCH-UPD |
| Procedencia (VM) [OBSOLETO] | 10 |
| Condición del los carretes individuales (VM) [OBSOLETO] | 20130110 |
| -- | UCH01 |
| -- | 2052 |
| 590 ## - NOTA LOCAL (RLIN) | |
| Nota local | BATCH-UPD |
| Procedencia (VM) [OBSOLETO] | 10 |
| Condición del los carretes individuales (VM) [OBSOLETO] | 20130410 |
| -- | UCH01 |
| -- | 1405 |
| 590 ## - NOTA LOCAL (RLIN) | |
| Nota local | BATCH-UPD |
| Procedencia (VM) [OBSOLETO] | 10 |
| Condición del los carretes individuales (VM) [OBSOLETO] | 20130914 |
| -- | UCH01 |
| -- | 1709 |
| 590 ## - NOTA LOCAL (RLIN) | |
| Nota local | CONVERSION |
| Procedencia (VM) [OBSOLETO] | 10 |
| Condición del los carretes individuales (VM) [OBSOLETO] | 20130109 |
| -- | UCH01 |
| -- | 1316 |
| 650 14 - PUNTO DE ACCESO ADICIONAL DE MATERIA--TÉRMINO DE MATERIA | |
| Término de materia o nombre geográfico como elemento de entrada | Química analítica. |
| 9 (RLIN) | 93582 |
| 700 0# - PUNTO DE ACCESO ADICIONAL--NOMBRE DE PERSONA | |
| Nombre de persona | Elving, Philip J. |
| 9 (RLIN) | 36456 |
| 901 ## - ELEMENTOS DE DATOS A LOCAL LDA (RLIN) | |
| a | BK |
| 942 ## - ELEMENTOS DE PUNTO DE ACCESO ADICIONAL (KOHA) | |
| Tipo de ítem Koha | Libro |
| 949 ## - PROCESAMIENTO DE INFORMACIÓN LOCAL (OCLC) | |
| a | 543 K65 |
| b | BC |
| c | LIBRO |
| d | 33724000390258 |
| e | LIBRO |
| f | v.3 Pte. 2 |
| h | 10180 |
| i | 33665 |
| s | i |
| 949 ## - PROCESAMIENTO DE INFORMACIÓN LOCAL (OCLC) | |
| a | 543 K65 |
| b | BC |
| c | LIBRO |
| d | 33724000390266 |
| e | LIBRO |
| f | v.2 Pte.2 |
| h | 10179 |
| i | 33665 |
| s | i |
| 949 ## - PROCESAMIENTO DE INFORMACIÓN LOCAL (OCLC) | |
| a | 543 K65 |
| b | BC |
| c | LIBRO |
| d | 33724000390274 |
| e | LIBRO |
| f | v.1 Pte. 2 |
| h | 10178 |
| i | 33665 |
| s | i |
| 949 ## - PROCESAMIENTO DE INFORMACIÓN LOCAL (OCLC) | |
| a | 543 K65 |
| b | BC |
| c | LIBRO |
| d | 33724000390282 |
| e | LIBRO |
| f | v.4 Pte.1 |
| h | 10177 |
| i | 33665 |
| s | i |
| 949 ## - PROCESAMIENTO DE INFORMACIÓN LOCAL (OCLC) | |
| a | 543 K65 |
| b | BC |
| c | LIBRO |
| d | 33724000390290 |
| e | LIBRO |
| f | v.3 Pte. 1 |
| h | 10176 |
| i | 33665 |
| s | i |
| 949 ## - PROCESAMIENTO DE INFORMACIÓN LOCAL (OCLC) | |
| a | 543 K65 |
| b | BC |
| c | LIBRO |
| d | 33724000390308 |
| e | LIBRO |
| f | v.2 Pte.1 |
| h | 10175 |
| i | 33665 |
| s | i |
| 949 ## - PROCESAMIENTO DE INFORMACIÓN LOCAL (OCLC) | |
| a | 543 K65 |
| b | BC |
| c | LIBRO |
| d | 33724000390316 |
| e | LIBRO |
| f | v.1 Pte.1 |
| h | 10174 |
| i | 33665 |
| s | i |
| 949 ## - PROCESAMIENTO DE INFORMACIÓN LOCAL (OCLC) | |
| a | 543 K65 |
| b | BC |
| c | LIBRO |
| d | 33724000390969 |
| e | LIBRO |
| f | v.4 Pte. 2 |
| h | 10181 |
| i | 33665 |
| s | i |
| 949 ## - PROCESAMIENTO DE INFORMACIÓN LOCAL (OCLC) | |
| a | 543 K65 |
| b | BC |
| c | LIBRO |
| d | 33724000412516 |
| e | LIBRO |
| f | v.8 Pte.2 |
| h | 10185 |
| i | 33665 |
| s | i |
| 949 ## - PROCESAMIENTO DE INFORMACIÓN LOCAL (OCLC) | |
| a | 543 K65 |
| b | BC |
| c | LIBRO |
| d | 33724000412524 |
| e | LIBRO |
| f | v.11 Pte.2 |
| h | 10187 |
| i | 33665 |
| s | i |
| 949 ## - PROCESAMIENTO DE INFORMACIÓN LOCAL (OCLC) | |
| a | 543 K65 |
| b | BC |
| c | LIBRO |
| d | 33724000412532 |
| e | LIBRO |
| f | v.9 Pte. |
| h | 10186 |
| i | 33665 |
| s | i |
| 949 ## - PROCESAMIENTO DE INFORMACIÓN LOCAL (OCLC) | |
| a | 543 K65 |
| b | BC |
| c | LIBRO |
| d | 33724000412540 |
| e | LIBRO |
| f | v.7 Pte.2 |
| h | 10184 |
| i | 33665 |
| s | i |
| 949 ## - PROCESAMIENTO DE INFORMACIÓN LOCAL (OCLC) | |
| a | 543 K65 |
| b | BC |
| c | LIBRO |
| d | 33724000412557 |
| e | LIBRO |
| f | v.6 Pte.2 |
| h | 10183 |
| i | 33665 |
| s | i |
| 949 ## - PROCESAMIENTO DE INFORMACIÓN LOCAL (OCLC) | |
| a | 543 K65 |
| b | BC |
| c | LIBRO |
| d | 33724000412565 |
| e | LIBRO |
| f | v.5 Pte.2 |
| h | 10182 |
| i | 33665 |
| s | i |
| Estado de retiro | Estado de pérdida | Fuente del sistema de clasificación o colocación | Estado dañado | Restricciones de uso | No para préstamo | Código de colección | Localización permanente | Ubicación/localización actual | Ubicación en estantería | Fecha de adquisición | Información codificada de la localización en otra ubicación | Total de préstamos | Signatura topográfica completa | Código de barras | Fecha visto por última vez | Número de copia | Precio válido a partir de | Tipo de ítem Koha |
|---|---|---|---|---|---|---|---|---|---|---|---|---|---|---|---|---|---|---|
| Dewey Decimal Classification | Préstamo 15 días | General | Biblioteca Central | Biblioteca Central | Planta alta - Colección General | 31/12/2019 | LIBRO | 543 K65 | 33724000390258 | 31/12/2019 | v.3 Pte. 2 | 31/12/2019 | Libro | |||||
| Dewey Decimal Classification | Préstamo 15 días | General | Biblioteca Central | Biblioteca Central | Planta alta - Colección General | 31/12/2019 | LIBRO | 543 K65 | 33724000390266 | 31/12/2019 | v.2 Pte.2 | 31/12/2019 | Libro | |||||
| Dewey Decimal Classification | Préstamo 15 días | General | Biblioteca Central | Biblioteca Central | Planta alta - Colección General | 31/12/2019 | LIBRO | 543 K65 | 33724000390274 | 31/12/2019 | v.1 Pte. 2 | 31/12/2019 | Libro | |||||
| Dewey Decimal Classification | Préstamo 15 días | General | Biblioteca Central | Biblioteca Central | Planta alta - Colección General | 31/12/2019 | LIBRO | 543 K65 | 33724000390282 | 31/12/2019 | v.4 Pte.1 | 31/12/2019 | Libro | |||||
| Dewey Decimal Classification | Préstamo 15 días | General | Biblioteca Central | Biblioteca Central | Planta alta - Colección General | 31/12/2019 | LIBRO | 543 K65 | 33724000390290 | 31/12/2019 | v.3 Pte. 1 | 31/12/2019 | Libro | |||||
| Dewey Decimal Classification | Préstamo 15 días | General | Biblioteca Central | Biblioteca Central | Planta alta - Colección General | 31/12/2019 | LIBRO | 543 K65 | 33724000390308 | 31/12/2019 | v.2 Pte.1 | 31/12/2019 | Libro | |||||
| Dewey Decimal Classification | Préstamo 15 días | General | Biblioteca Central | Biblioteca Central | Planta alta - Colección General | 31/12/2019 | LIBRO | 543 K65 | 33724000390316 | 31/12/2019 | v.1 Pte.1 | 31/12/2019 | Libro | |||||
| Dewey Decimal Classification | Préstamo 15 días | General | Biblioteca Central | Biblioteca Central | Planta alta - Colección General | 31/12/2019 | LIBRO | 543 K65 | 33724000390969 | 31/12/2019 | v.4 Pte. 2 | 31/12/2019 | Libro | |||||
| Dewey Decimal Classification | Préstamo 15 días | General | Biblioteca Central | Biblioteca Central | Planta alta - Colección General | 31/12/2019 | LIBRO | 543 K65 | 33724000412516 | 31/12/2019 | v.8 Pte.2 | 31/12/2019 | Libro | |||||
| Dewey Decimal Classification | Préstamo 15 días | General | Biblioteca Central | Biblioteca Central | Planta alta - Colección General | 31/12/2019 | LIBRO | 543 K65 | 33724000412524 | 31/12/2019 | v.11 Pte.2 | 31/12/2019 | Libro | |||||
| Dewey Decimal Classification | Préstamo 15 días | General | Biblioteca Central | Biblioteca Central | Planta alta - Colección General | 31/12/2019 | LIBRO | 543 K65 | 33724000412532 | 31/12/2019 | v.9 Pte. | 31/12/2019 | Libro | |||||
| Dewey Decimal Classification | Préstamo 15 días | General | Biblioteca Central | Biblioteca Central | Planta alta - Colección General | 31/12/2019 | LIBRO | 543 K65 | 33724000412540 | 31/12/2019 | v.7 Pte.2 | 31/12/2019 | Libro | |||||
| Dewey Decimal Classification | Préstamo 15 días | General | Biblioteca Central | Biblioteca Central | Planta alta - Colección General | 31/12/2019 | LIBRO | 543 K65 | 33724000412557 | 31/12/2019 | v.6 Pte.2 | 31/12/2019 | Libro | |||||
| Dewey Decimal Classification | Préstamo 15 días | General | Biblioteca Central | Biblioteca Central | Planta alta - Colección General | 31/12/2019 | LIBRO | 543 K65 | 33724000412565 | 31/12/2019 | v.5 Pte.2 | 31/12/2019 | Libro |
